000 00990nam a22003137a 4500
003 CHAP
005 20220329135810.0
008 971013s r 00010 d
010 _a42378
011 _a43350
035 _a47486
040 _cCHAP
090 _aFolleto 3263
110 _aMéxico. Dirección General de la Fauna Silvestre
_977004
245 _aCenso cinegético de pastos en la Ciénega del Lerma
_b: temporada
260 _a(s.l.) :
_bLa Dirección,
_c19 -
300 _av
500 _aLa biblioteca tiene: 1974-75
590 _aBATCH-UPD
_b10
_c20130110
_lUCH01
_h0029
590 _aBATCH-UPD
_b10
_c20130110
_lUCH01
_h2309
590 _aBATCH-UPD
_b10
_c20130410
_lUCH01
_h1601
590 _aBATCH-UPD
_b10
_c20130914
_lUCH01
_h0805
590 _aCONVERSION
_b10
_c20130109
_lUCH01
_h1323
650 1 4 _aCacería
_xMéxico.
_916982
650 1 4 _aPatos silvestres.
_986204
901 _aBK
942 _cFOLL
949 _aFolleto 3263
_bBC
_cFOLL
_d-107904
_eTS1
_i47486
_mD
_si
999 _c42378
_d42378